MARC

LEADER 00000nam0a2200000 4500
001 361208
005 20231102011351.0
035 |a (RuTPU)RU\TPU\retro\18534 
090 |a 361208 
100 |a 20210531d1973 km y0rusy50 ca 
101 0 |a rus 
102 |a RU 
105 |a a z 000zy 
200 1 |a Высокоглиноземистые метаморфические породы нижнего архея Алданского щита и их литология  |f Е. А. Кулиш  |g Академия наук СССР, Дальневосточный научный центр, Институт тектоники и геофизики им. Ю. А. Косыгина ; под ред. В. А. Соловьева 
210 |a Хабаровск  |c Изд-во ДНЦ АН СССР  |d 1973 
215 |a 370 с.  |c ил. 
606 1 |a Литология  |2 stltpush  |3 (RuTPU)RU\TPU\subj\40434  |9 60283 
606 1 |a Горные породы, метаморфические  |x Петрография  |2 stltpush  |3 (RuTPU)RU\TPU\subj\8136  |9 35620 
610 1 |a высокоглиноземистые породы 
610 1 |a Алданский щит 
610 1 |a архей 
610 1 |a докембрий 
610 1 |a корундиты 
610 1 |a гнейсы 
610 1 |a сланцы 
610 1 |a петрохимия 
675 |a 552.5  |v 4 
675 |a 552.4  |v 4 
700 1 |a Кулиш  |b Е. А.  |g Евгений Алексеевич 
702 1 |a Соловьев  |b В. А.  |4 340 
712 0 2 |a Академия наук СССР  |b Дальневосточный научный центр  |b Институт тектоники и геофизики им. Ю. А. Косыгина  |c (Хабаровск)  |2 stltpush  |3 (RuTPU)RU\TPU\col\11505  |9 25139 
801 1 |a RU  |b 63413507  |c 20210531 
801 2 |a RU  |b 63413507  |c 20210915  |g RCR 
942 |c BK